<?xml version="1.0" encoding="UTF-8"?>
<record
    xmlns:xsi="http://www.w3.org/2001/XMLSchema-instance"
    xsi:schemaLocation="http://www.loc.gov/MARC21/slim http://www.loc.gov/standards/marcxml/schema/MARC21slim.xsd"
    xmlns="http://www.loc.gov/MARC21/slim">

  <leader>00479nam a2200181   4500</leader>
  <controlfield tag="003">SEACOMEC</controlfield>
  <controlfield tag="005">20260331160142.0</controlfield>
  <controlfield tag="008">260331b        |||||||| |||| 00| 0 eng d</controlfield>
  <datafield tag="020" ind1=" " ind2=" ">
    <subfield code="a">978-8185099156</subfield>
    <subfield code="c">240</subfield>
  </datafield>
  <datafield tag="040" ind1=" " ind2=" ">
    <subfield code="a">SEACOMEC</subfield>
  </datafield>
  <datafield tag="082" ind1=" " ind2=" ">
    <subfield code="a">621.9</subfield>
    <subfield code="b">SK998</subfield>
  </datafield>
  <datafield tag="100" ind1=" " ind2=" ">
    <subfield code="a">S K Hajra Choudhury</subfield>
  </datafield>
  <datafield tag="245" ind1=" " ind2=" ">
    <subfield code="a">Elements Of Workshop Technology</subfield>
    <subfield code="c">Hajra Choudhury, S K</subfield>
  </datafield>
  <datafield tag="260" ind1=" " ind2=" ">
    <subfield code="a">Mumbai</subfield>
    <subfield code="b">Media Promoters</subfield>
    <subfield code="c">2010</subfield>
  </datafield>
  <datafield tag="300" ind1=" " ind2=" ">
    <subfield code="a">V2</subfield>
  </datafield>
  <datafield tag="650" ind1=" " ind2=" ">
    <subfield code="a">Manufacturing engineering</subfield>
  </datafield>
  <datafield tag="942" ind1=" " ind2=" ">
    <subfield code="c">GBK</subfield>
  </datafield>
  <datafield tag="952" ind1=" " ind2=" ">
    <subfield code="0">0</subfield>
    <subfield code="1">0</subfield>
    <subfield code="2">ddc</subfield>
    <subfield code="4">0</subfield>
    <subfield code="7">0</subfield>
    <subfield code="a">SEACOMEC</subfield>
    <subfield code="b">SEACOMEC</subfield>
    <subfield code="d">2026-03-31</subfield>
    <subfield code="l">0</subfield>
    <subfield code="o">621.9 SK998</subfield>
    <subfield code="p">G409</subfield>
    <subfield code="r">2026-03-31 15:54:34</subfield>
    <subfield code="w">2026-03-31</subfield>
    <subfield code="y">GBK</subfield>
  </datafield>
  <datafield tag="952" ind1=" " ind2=" ">
    <subfield code="0">0</subfield>
    <subfield code="1">0</subfield>
    <subfield code="2">ddc</subfield>
    <subfield code="4">0</subfield>
    <subfield code="7">0</subfield>
    <subfield code="a">SEACOMEC</subfield>
    <subfield code="b">SEACOMEC</subfield>
    <subfield code="d">2026-03-31</subfield>
    <subfield code="l">0</subfield>
    <subfield code="o">621.9 SK998</subfield>
    <subfield code="p">G410</subfield>
    <subfield code="r">2026-03-31 15:54:34</subfield>
    <subfield code="w">2026-03-31</subfield>
    <subfield code="y">GBK</subfield>
  </datafield>
  <datafield tag="952" ind1=" " ind2=" ">
    <subfield code="0">0</subfield>
    <subfield code="1">0</subfield>
    <subfield code="2">ddc</subfield>
    <subfield code="4">0</subfield>
    <subfield code="7">0</subfield>
    <subfield code="a">SEACOMEC</subfield>
    <subfield code="b">SEACOMEC</subfield>
    <subfield code="d">2026-03-31</subfield>
    <subfield code="l">0</subfield>
    <subfield code="o">621.9 SK998</subfield>
    <subfield code="p">G411</subfield>
    <subfield code="r">2026-03-31 15:54:34</subfield>
    <subfield code="w">2026-03-31</subfield>
    <subfield code="y">GBK</subfield>
  </datafield>
  <datafield tag="952" ind1=" " ind2=" ">
    <subfield code="0">0</subfield>
    <subfield code="1">0</subfield>
    <subfield code="2">ddc</subfield>
    <subfield code="4">0</subfield>
    <subfield code="7">0</subfield>
    <subfield code="a">SEACOMEC</subfield>
    <subfield code="b">SEACOMEC</subfield>
    <subfield code="d">2026-03-31</subfield>
    <subfield code="l">0</subfield>
    <subfield code="o">621.9 SK998</subfield>
    <subfield code="p">G412</subfield>
    <subfield code="r">2026-03-31 15:54:34</subfield>
    <subfield code="w">2026-03-31</subfield>
    <subfield code="y">GBK</subfield>
  </datafield>
  <datafield tag="952" ind1=" " ind2=" ">
    <subfield code="0">0</subfield>
    <subfield code="1">0</subfield>
    <subfield code="2">ddc</subfield>
    <subfield code="4">0</subfield>
    <subfield code="7">0</subfield>
    <subfield code="a">SEACOMEC</subfield>
    <subfield code="b">SEACOMEC</subfield>
    <subfield code="d">2026-03-31</subfield>
    <subfield code="l">0</subfield>
    <subfield code="o">621.9 SK998</subfield>
    <subfield code="p">G413</subfield>
    <subfield code="r">2026-03-31 15:54:34</subfield>
    <subfield code="w">2026-03-31</subfield>
    <subfield code="y">GBK</subfield>
  </datafield>
  <datafield tag="952" ind1=" " ind2=" ">
    <subfield code="0">0</subfield>
    <subfield code="1">0</subfield>
    <subfield code="2">ddc</subfield>
    <subfield code="4">0</subfield>
    <subfield code="7">0</subfield>
    <subfield code="a">SEACOMEC</subfield>
    <subfield code="b">SEACOMEC</subfield>
    <subfield code="d">2026-03-31</subfield>
    <subfield code="l">0</subfield>
    <subfield code="o">621.9 SK998</subfield>
    <subfield code="p">G414</subfield>
    <subfield code="r">2026-03-31 15:54:34</subfield>
    <subfield code="w">2026-03-31</subfield>
    <subfield code="y">GBK</subfield>
  </datafield>
  <datafield tag="952" ind1=" " ind2=" ">
    <subfield code="0">0</subfield>
    <subfield code="1">0</subfield>
    <subfield code="2">ddc</subfield>
    <subfield code="4">0</subfield>
    <subfield code="7">0</subfield>
    <subfield code="a">SEACOMEC</subfield>
    <subfield code="b">SEACOMEC</subfield>
    <subfield code="d">2026-03-31</subfield>
    <subfield code="l">0</subfield>
    <subfield code="o">621.9 SK998</subfield>
    <subfield code="p">G415</subfield>
    <subfield code="r">2026-03-31 15:54:34</subfield>
    <subfield code="w">2026-03-31</subfield>
    <subfield code="y">GBK</subfield>
  </datafield>
  <datafield tag="952" ind1=" " ind2=" ">
    <subfield code="0">0</subfield>
    <subfield code="1">0</subfield>
    <subfield code="2">ddc</subfield>
    <subfield code="4">0</subfield>
    <subfield code="7">0</subfield>
    <subfield code="a">SEACOMEC</subfield>
    <subfield code="b">SEACOMEC</subfield>
    <subfield code="d">2026-03-31</subfield>
    <subfield code="l">0</subfield>
    <subfield code="o">621.9 SK998</subfield>
    <subfield code="p">G416</subfield>
    <subfield code="r">2026-03-31 15:54:34</subfield>
    <subfield code="w">2026-03-31</subfield>
    <subfield code="y">GBK</subfield>
  </datafield>
  <datafield tag="952" ind1=" " ind2=" ">
    <subfield code="0">0</subfield>
    <subfield code="1">0</subfield>
    <subfield code="2">ddc</subfield>
    <subfield code="4">0</subfield>
    <subfield code="7">0</subfield>
    <subfield code="a">SEACOMEC</subfield>
    <subfield code="b">SEACOMEC</subfield>
    <subfield code="d">2026-03-31</subfield>
    <subfield code="l">0</subfield>
    <subfield code="o">621.9 SK998</subfield>
    <subfield code="p">G417</subfield>
    <subfield code="r">2026-03-31 15:54:34</subfield>
    <subfield code="w">2026-03-31</subfield>
    <subfield code="y">GBK</subfield>
  </datafield>
  <datafield tag="952" ind1=" " ind2=" ">
    <subfield code="0">0</subfield>
    <subfield code="1">0</subfield>
    <subfield code="2">ddc</subfield>
    <subfield code="4">0</subfield>
    <subfield code="7">0</subfield>
    <subfield code="a">SEACOMEC</subfield>
    <subfield code="b">SEACOMEC</subfield>
    <subfield code="d">2026-03-31</subfield>
    <subfield code="l">0</subfield>
    <subfield code="o">621.9 SK998</subfield>
    <subfield code="p">G418</subfield>
    <subfield code="r">2026-03-31 15:54:34</subfield>
    <subfield code="w">2026-03-31</subfield>
    <subfield code="y">GBK</subfield>
  </datafield>
  <datafield tag="952" ind1=" " ind2=" ">
    <subfield code="0">0</subfield>
    <subfield code="1">0</subfield>
    <subfield code="2">ddc</subfield>
    <subfield code="4">0</subfield>
    <subfield code="7">0</subfield>
    <subfield code="a">SEACOMEC</subfield>
    <subfield code="b">SEACOMEC</subfield>
    <subfield code="d">2026-03-31</subfield>
    <subfield code="l">1</subfield>
    <subfield code="o">621.9 SK998</subfield>
    <subfield code="p">G419</subfield>
    <subfield code="q">2026-04-14</subfield>
    <subfield code="r">2026-03-31 15:55:22</subfield>
    <subfield code="s">2026-03-31</subfield>
    <subfield code="w">2026-03-31</subfield>
    <subfield code="y">GBK</subfield>
  </datafield>
  <datafield tag="952" ind1=" " ind2=" ">
    <subfield code="0">0</subfield>
    <subfield code="1">0</subfield>
    <subfield code="2">ddc</subfield>
    <subfield code="4">0</subfield>
    <subfield code="7">0</subfield>
    <subfield code="a">SEACOMEC</subfield>
    <subfield code="b">SEACOMEC</subfield>
    <subfield code="d">2026-03-31</subfield>
    <subfield code="l">0</subfield>
    <subfield code="o">621.9 SK998</subfield>
    <subfield code="p">G420</subfield>
    <subfield code="r">2026-03-31 15:54:34</subfield>
    <subfield code="w">2026-03-31</subfield>
    <subfield code="y">GBK</subfield>
  </datafield>
  <datafield tag="952" ind1=" " ind2=" ">
    <subfield code="0">0</subfield>
    <subfield code="1">0</subfield>
    <subfield code="2">ddc</subfield>
    <subfield code="4">0</subfield>
    <subfield code="7">0</subfield>
    <subfield code="a">SEACOMEC</subfield>
    <subfield code="b">SEACOMEC</subfield>
    <subfield code="d">2026-03-31</subfield>
    <subfield code="l">0</subfield>
    <subfield code="o">621.9 SK998</subfield>
    <subfield code="p">G421</subfield>
    <subfield code="r">2026-03-31 15:54:34</subfield>
    <subfield code="w">2026-03-31</subfield>
    <subfield code="y">GBK</subfield>
  </datafield>
  <datafield tag="952" ind1=" " ind2=" ">
    <subfield code="0">0</subfield>
    <subfield code="1">0</subfield>
    <subfield code="2">ddc</subfield>
    <subfield code="4">0</subfield>
    <subfield code="7">0</subfield>
    <subfield code="a">SEACOMEC</subfield>
    <subfield code="b">SEACOMEC</subfield>
    <subfield code="d">2026-03-31</subfield>
    <subfield code="l">0</subfield>
    <subfield code="o">621.9 SK998</subfield>
    <subfield code="p">G422</subfield>
    <subfield code="r">2026-03-31 15:54:34</subfield>
    <subfield code="w">2026-03-31</subfield>
    <subfield code="y">GBK</subfield>
  </datafield>
  <datafield tag="952" ind1=" " ind2=" ">
    <subfield code="0">0</subfield>
    <subfield code="1">0</subfield>
    <subfield code="2">ddc</subfield>
    <subfield code="4">0</subfield>
    <subfield code="7">0</subfield>
    <subfield code="a">SEACOMEC</subfield>
    <subfield code="b">SEACOMEC</subfield>
    <subfield code="d">2026-03-31</subfield>
    <subfield code="l">0</subfield>
    <subfield code="o">621.9 SK998</subfield>
    <subfield code="p">G423</subfield>
    <subfield code="r">2026-03-31 15:54:34</subfield>
    <subfield code="w">2026-03-31</subfield>
    <subfield code="y">GBK</subfield>
  </datafield>
  <datafield tag="952" ind1=" " ind2=" ">
    <subfield code="0">0</subfield>
    <subfield code="1">0</subfield>
    <subfield code="2">ddc</subfield>
    <subfield code="4">0</subfield>
    <subfield code="7">0</subfield>
    <subfield code="a">SEACOMEC</subfield>
    <subfield code="b">SEACOMEC</subfield>
    <subfield code="d">2026-03-31</subfield>
    <subfield code="l">0</subfield>
    <subfield code="o">621.9 SK998</subfield>
    <subfield code="p">G424</subfield>
    <subfield code="r">2026-03-31 15:54:34</subfield>
    <subfield code="w">2026-03-31</subfield>
    <subfield code="y">GBK</subfield>
  </datafield>
  <datafield tag="952" ind1=" " ind2=" ">
    <subfield code="0">0</subfield>
    <subfield code="1">0</subfield>
    <subfield code="2">ddc</subfield>
    <subfield code="4">0</subfield>
    <subfield code="7">0</subfield>
    <subfield code="a">SEACOMEC</subfield>
    <subfield code="b">SEACOMEC</subfield>
    <subfield code="d">2026-03-31</subfield>
    <subfield code="l">0</subfield>
    <subfield code="o">621.9 SK998</subfield>
    <subfield code="p">G425</subfield>
    <subfield code="r">2026-03-31 15:54:34</subfield>
    <subfield code="w">2026-03-31</subfield>
    <subfield code="y">GBK</subfield>
  </datafield>
  <datafield tag="952" ind1=" " ind2=" ">
    <subfield code="0">0</subfield>
    <subfield code="1">0</subfield>
    <subfield code="2">ddc</subfield>
    <subfield code="4">0</subfield>
    <subfield code="7">0</subfield>
    <subfield code="a">SEACOMEC</subfield>
    <subfield code="b">SEACOMEC</subfield>
    <subfield code="d">2026-03-31</subfield>
    <subfield code="l">0</subfield>
    <subfield code="o">621.9 SK998</subfield>
    <subfield code="p">G426</subfield>
    <subfield code="r">2026-03-31 15:54:34</subfield>
    <subfield code="w">2026-03-31</subfield>
    <subfield code="y">GBK</subfield>
  </datafield>
  <datafield tag="952" ind1=" " ind2=" ">
    <subfield code="0">0</subfield>
    <subfield code="1">0</subfield>
    <subfield code="2">ddc</subfield>
    <subfield code="4">0</subfield>
    <subfield code="7">0</subfield>
    <subfield code="a">SEACOMEC</subfield>
    <subfield code="b">SEACOMEC</subfield>
    <subfield code="d">2026-03-31</subfield>
    <subfield code="l">0</subfield>
    <subfield code="o">621.9 SK998</subfield>
    <subfield code="p">G427</subfield>
    <subfield code="r">2026-03-31 15:54:34</subfield>
    <subfield code="w">2026-03-31</subfield>
    <subfield code="y">GBK</subfield>
  </datafield>
  <datafield tag="952" ind1=" " ind2=" ">
    <subfield code="0">0</subfield>
    <subfield code="1">0</subfield>
    <subfield code="2">ddc</subfield>
    <subfield code="4">0</subfield>
    <subfield code="7">0</subfield>
    <subfield code="a">SEACOMEC</subfield>
    <subfield code="b">SEACOMEC</subfield>
    <subfield code="d">2026-03-31</subfield>
    <subfield code="l">0</subfield>
    <subfield code="o">621.9 SK998</subfield>
    <subfield code="p">G428</subfield>
    <subfield code="r">2026-03-31 15:54:34</subfield>
    <subfield code="w">2026-03-31</subfield>
    <subfield code="y">GBK</subfield>
  </datafield>
  <datafield tag="999" ind1=" " ind2=" ">
    <subfield code="c">2643</subfield>
    <subfield code="d">2643</subfield>
  </datafield>
</record>
